| 000 | 00360nam a2200121Ia 4500 | ||
|---|---|---|---|
| 008 | 230907s9999||||xx |||||||||||||| ||und|| | ||
| 082 |
_a410 _bFUR |
||
| 100 |
_aFurnham, Adrian. _999802 |
||
| 245 | 0 | _aBody language in business : | |
| 260 |
_aPalgrave Macmillan, _bHoundmills, Basingstoke, Hampshire ; | New York : _c2010 |
||
| 300 | _axi, 217 p. : | ||
| 942 | _cBK | ||
| 999 |
_c600138 _d600138 |
||